00327nam a2200121Ia 4500001000400000008004100004082002000045100001600065245006100081260001900142901002900161999001500190634241024s9999 xx 000 0 und d aRD/784.18/C117e aEuri Cabral 0aEl Merengue y la Bachata, Orígenes, etapas y líderes bEd. Buhoc2009 a23/11/2010 10:08:02 a.m. c7939d7939